000 00669nam a2200193Ia 4500
003 LDD
008 190117s9999 xx 000 0 und d
020 _a8189537628
_c₹495
040 _cLDD
041 _ahi
082 _a8H3.7 भा6442
100 _aगुप्ता, रमणिका
245 0 _aभारतीय दलित साहित्य कथा कोश
_cरमणिका गुप्ता
260 _aदिल्ली
_bयश पब्लिकेशन
_c2010
300 _a342पृ.
901 _aKGP
904 _aReqst by : Jitendra Shrivastava
942 _2ddc
_cH
999 _c157533
_d157533